00743cam a22002291 4500001001300000003000400013005001700017008004100034010001700075035001800092040005100110042001200161050001500173060002300188100003300211245010600244260004700350300005200397650003100449650001600480999001700496sg 46000272 DLC20260227112750.0730627s1946 nyua 001 0 eng c asg 46000272  a(OCoLC)647158 aU.S. Army Medical LibrarycODaWUdNBrockUdDLC apremarc00aRJ61b.S76 aWS113b.S762c 19461 aSpock, Benjamin,d1903-1998.14aThe common sense book of baby and child care,cby Benjamin Spock. With illustrations by Dorothea Fox. aNew York,bDuell, Sloan and Pearcec[1946] a6 p. l., 527 p.billus. (incl. diagrs.)c21 cm. 0aInfantsxCare and hygiene. 0aChild care. c90846d90846